[Event "Titled Tuesday intern op 16th Apr Late"]
[Site "Chess.com INT"]
[Date "2024.04.16"]
[Round "2"]
[White "Corrales Jimenez, Fidel"]
[Black "Taboas Rodriguez, Daniel"]
[Result "0-1"]
[WhiteElo "2545"]
[BlackElo "2344"]
[PlyCount "146"]
[EventDate "2024.04.16"]
[EventType "swiss (blitz)"]
[EventRounds "11"]
[EventCountry "USA"]
[SourceTitle "CB17_2024"]
[SourceDate "2024.04.24"]
[SourceVersion "1"]
[SourceVersionDate "2024.04.24"]
[SourceQuality "1"]

1. e4 e5 2. Nf3 Nc6 3. d4 exd4 4. Nxd4 Nf6 5. Nxc6 bxc6 6. e5 Qe7 7. Qe2 Nd5 8. g3 d6 9. exd6 cxd6 10. c4 Qxe2+ 11. Bxe2 Nb4 12. Kd1 Bf5 13. Na3 Be7 14. Re1 0-0 15. Bd2 a5 16. Bc3 Rfe8 17. Kd2 d5 18. Bf1 Rad8 19. Be5 dxc4+ 20. Kc3 Nd5+ 21. Kxc4 Be6 22. Kb3 Nb4+ 23. Nc4 Nd3 24. Re3 Nxe5 25. Rxe5 Bf6 26. Re2 Rb8+ 27. Kc2 Rb4 28. Rxe6 Rxe6 29. Rd1 g6 30. b3 a4 31. Bd3 axb3+ 32. axb3 Rb8 33. f3 c5 34. Be4 Bd4 35. Na5 Ra6 36. Nc6 Ra2+ 37. Kd3 Rxb3+ 38. Kc4 Rc3+ 39. Kd5 Kg7 40. g4 Rxh2 41. Rb1 Rd2 42. Na5 Bf6+ 43. Kc6 Ra3 44. Nb7 c4 45. Nc5 c3 46. Rc1 h5 47. gxh5 gxh5 48. Nd7 Rxd7 49. Kxd7 h4 50. Bf5 Kh6 51. Ke8 Kg5 52. Be4 Ra7 53. Rg1+ Kf4 54. Rg4+ Ke3 55. Rg2 Rc7 56. Rc2 Be5 57. Bf5 Kxf3 58. Kf8 Kf4 59. Bh3 Kg3 60. Bf5 h3 61. Re2 h2 62. Be4 Bf4 63. Rg2+ Kh3 64. Rg7 c2 65. Rh7+ Kg3 66. Bxc2 Rxc2 67. Rg7+ Kf3 68. Rh7 Rc8+ 69. Kg7 Be5+ 70. Kh6 Rh8 71. Rxh8 Bxh8 72. Kg5 h1Q 73. Kf5 Qh5# 0-1

[Event "Titled Tuesday intern op 16th Apr Early"]
[Site "Chess.com INT"]
[Date "2024.04.16"]
[Round "1"]
[White "Goswami, Vedant"]
[Black "Taboas Rodriguez, Daniel"]
[Result "1/2-1/2"]
[WhiteElo "2057"]
[BlackElo "2344"]
[PlyCount "184"]
[EventDate "2024.04.16"]
[EventType "swiss (blitz)"]
[EventRounds "11"]
[EventCountry "USA"]
[SourceTitle "CB17_2024"]
[SourceDate "2024.04.24"]
[SourceVersion "1"]
[SourceVersionDate "2024.04.24"]
[SourceQuality "1"]

1. d4 Nf6 2. Bf4 d5 3. e3 Bf5 4. Nf3 e6 5. Bd3 Bd6 6. Bg3 0-0 7. Nbd2 Ne4 8. Bxe4 dxe4 9. Ne5 Nd7 10. 0-0 Nxe5 11. dxe5 Be7 12. Nc4 Qd5 13. Qxd5 exd5 14. Na5 Rab8 15. Rfd1 Bb4 16. Nb3 Be6 17. a3 Be7 18. Nd4 a6 19. h3 c5 20. Ne2 Rbd8 21. Rd2 Rd7 22. Rad1 Rfd8 23. c3 b5 24. Nf4 h6 25. Kf1 a5 26. f3 exf3 27. gxf3 a4 28. Nxe6 fxe6 29. e4 d4 30. cxd4 cxd4 31. Ke2 Kf7 32. Bf2 Bc5 33. Kd3 Bb6 34. f4 g6 35. Rc2 Rc7 36. Rdc1 Rxc2 37. Rxc2 Rd7 38. Rc6 Ba7 39. Be1 h5 40. Bb4 Ke8 41. Bd6 Kf7 42. Ke2 Rb7 43. Kd3 Rd7 44. Rc7 Rxc7 45. Bxc7 Ke7 46. Bd6+ Kd7 47. Bb4 Kc6 48. Be7 Bb6 49. Bb4 Ba7 50. Be7 Bc5 51. Bd8 Kb7 52. Bh4 Kb6 53. Bf2 b4 54. axb4 Bxb4 55. Bxd4+ Kb5 56. Ba7 Be7 57. Bd4 Kb4 58. Kc2 Kc4 59. Bc3 Bd8 60. Kd2 Bh4 61. Kc2 Bg3 62. Bd2 Kd4 63. f5 gxf5 64. exf5 exf5 65. e6 Bd6 66. Bg5 f4 67. Bxf4 Kd5 68. Bxd6 Kxd6 69. Kc3 Kxe6 70. Kb4 Kf5 71. Kxa4 Kg5 72. b4 Kh4 73. b5 Kxh3 74. b6 h4 75. b7 Kg2 76. b8Q h3 77. Qg8+ Kh1 78. Qa8+ Kg1 79. Qg8+ Kh1 80. Qd5+ Kg1 81. Qd4+ Kh1 82. Qe4+ Kg1 83. Qe3+ Kg2 84. Qe2+ Kg1 85. Qe3+ Kg2 86. Qg5+ Kh1 87. Qe3 h2 88. Qf3+ Kg1 89. Qg3+ Kh1 90. Qe1+ Kg2 91. Qe2+ Kg1 92. Qxh2+ Kxh2 1/2-1/2

[Event "Titled Tuesday intern op 16th Apr Early"]
[Site "Chess.com INT"]
[Date "2024.04.16"]
[Round "4"]
[White "Taboas Rodriguez, Daniel"]
[Black "Emeliantsev, Anatoliy"]
[Result "1-0"]
[WhiteElo "2344"]
[BlackElo "2359"]
[PlyCount "45"]
[EventDate "2024.04.16"]
[EventType "swiss (blitz)"]
[EventRounds "11"]
[EventCountry "USA"]
[SourceTitle "CB17_2024"]
[SourceDate "2024.04.24"]
[SourceVersion "1"]
[SourceVersionDate "2024.04.24"]
[SourceQuality "1"]

1. d4 Nf6 2. Nf3 g6 3. c4 Bg7 4. Nc3 0-0 5. e4 d6 6. Be2 e5 7. dxe5 dxe5 8. Qxd8 Rxd8 9. Bg5 Re8 10. Nd5 Nxd5 11. cxd5 c6 12. Bc4 b5 13. Bb3 a5 14. a3 a4 15. Ba2 c5 16. Rc1 c4 17. Bb1 Bg4 18. Nd2 Nd7 19. f3 Nc5 20. fxg4 Nd3+ 21. Bxd3 cxd3 22. Rc3 Rad8 23. Rxd3 1-0

[Event "Titled Tuesday intern op 02nd Apr Early"]
[Site "Chess.com INT"]
[Date "2024.04.02"]
[Round "1"]
[White "Villabrille, Roberto"]
[Black "Taboas Rodriguez, Daniel"]
[Result "1-0"]
[WhiteElo "2140"]
[BlackElo "2344"]
[PlyCount "87"]
[EventDate "2024.04.02"]
[EventType "swiss (blitz)"]
[EventRounds "11"]
[EventCountry "USA"]
[SourceTitle "CB15_2024"]
[SourceDate "2024.04.10"]
[SourceVersion "1"]
[SourceVersionDate "2024.04.10"]
[SourceQuality "1"]

1. d4 Nf6 2. Nf3 g6 3. Bf4 Bg7 4. e3 0-0 5. Nbd2 c5 6. c3 b6 7. Bd3 Bb7 8. 0-0 Nc6 9. h3 d6 10. Qc2 Re8 11. Ne4 e5 12. dxe5 dxe5 13. Bg5 Qe7 14. Nxf6+ Bxf6 15. Bxf6 Qxf6 16. Be4 Rad8 17. Rfd1 Qe6 18. b3 Kg7 19. Ng5 Qe7 20. Nf3 f5 21. Bxc6 Bxc6 22. c4 e4 23. Ne1 Rxd1 24. Rxd1 Rd8 25. Kf1 Rd6 26. Rxd6 Qxd6 27. Ke2 Qe5 28. Qd2 Qe7 29. Qc3+ Qf6 30. Qxf6+ Kxf6 31. f3 exf3+ 32. gxf3 g5 33. Nd3 h5 34. a4 a5 35. Nf2 Bd7 36. h4 gxh4 37. Nh3 Be8 38. Nf4 Ke5 39. Kf2 Bf7 40. Ke2 Kf6 41. Kf2 Kg5 42. Kg2 b5 43. cxb5 Bxb3 44. b6 1-0

[Event "Titled Tuesday intern op 23rd Jan Late"]
[Site "Chess.com INT"]
[Date "2024.01.23"]
[Round "1"]
[White "Keller, Peter1"]
[Black "Taboas Rodriguez, Daniel"]
[Result "1-0"]
[WhiteElo "2289"]
[BlackElo "2363"]
[PlyCount "103"]
[EventDate "2024.01.23"]
[EventType "swiss (blitz)"]
[EventRounds "11"]
[EventCountry "USA"]
[SourceTitle "CB05_2024"]
[SourceDate "2024.01.31"]
[SourceVersion "1"]
[SourceVersionDate "2024.01.31"]
[SourceQuality "1"]

1. e4 e5 2. Nf3 Nc6 3. Bc4 Bc5 4. d3 Nf6 5. 0-0 d6 6. c3 a6 7. a4 Ba7 8. Nbd2 0-0 9. Re1 Kh8 10. h3 Be6 11. Bxe6 fxe6 12. Nf1 Nh5 13. d4 Qf6 14. Be3 Nf4 15. N1h2 Qg6 16. Bxf4 Rxf4 17. Qb3 Raf8 18. Qxb7 Qe8 19. Rad1 exd4 20. cxd4 e5 21. Rc1 Nxd4 22. Qxa7 Rxf3 23. Nxf3 Rxf3 24. gxf3 c5 25. Red1 h6 26. Rxd4 exd4 27. Kf1 Qh5 28. Qb8+ Kh7 29. Qc8 g6 30. Qg4 Qe5 31. b4 d3 32. Qd7+ Kh8 33. bxc5 d2 34. Rd1 Qxc5 35. Rxd2 Qc1+ 36. Ke2 Qc4+ 37. Rd3 Qc2+ 38. Ke3 Qc1+ 39. Ke2 Qc2+ 40. Rd2 Qc4+ 41. Kd1 Qf1+ 42. Kc2 Qc4+ 43. Kb1 Qb3+ 44. Kc1 Qc3+ 45. Rc2 Qe1+ 46. Kb2 Qb4+ 47. Ka1 Qa3+ 48. Kb1 Qb3+ 49. Rb2 Qd3+ 50. Ka1 Qf1+ 51. Rb1 Qd3 52. Rb8# 1-0

[Event "Titled Tuesday intern op 09th Jan Early"]
[Site "Chess.com INT"]
[Date "2024.01.09"]
[Round "2"]
[White "Taboas Rodriguez, Daniel"]
[Black "Filippova, Margarita"]
[Result "1-0"]
[WhiteElo "2363"]
[BlackElo "2026"]
[PlyCount "165"]
[EventDate "2024.01.09"]
[EventType "swiss (blitz)"]
[EventRounds "11"]
[EventCountry "USA"]
[SourceTitle "CB03_2024"]
[SourceDate "2024.01.17"]
[SourceVersion "1"]
[SourceVersionDate "2024.01.17"]
[SourceQuality "1"]

1. d4 d5 2. Nf3 Nf6 3. c4 e6 4. Nc3 c6 5. Bg5 Be7 6. e3 h6 7. Bh4 Nbd7 8. Bd3 0-0 9. 0-0 dxc4 10. Bxc4 b5 11. Bd3 a6 12. Bxf6 Nxf6 13. Ne4 Bb7 14. Rc1 Rc8 15. Ne5 Qd5 16. Nc5 Bxc5 17. Rxc5 Qd6 18. Qc2 Rc7 19. Rc1 Rfc8 20. b4 Nd5 21. a3 f6 22. Nf3 Nb6 23. Qe2 Nd7 24. R5c2 a5 25. Qd2 axb4 26. Qxb4 Qxb4 27. axb4 Nb6 28. Bxb5 Nd5 29. Bc4 Kf7 30. Bxd5 exd5 31. b5 Ke6 32. Ne1 Kd6 33. bxc6 Rxc6 34. Rxc6+ Rxc6 35. Rxc6+ Bxc6 36. f3 Bb5 37. Kf2 Ke6 38. g4 Bc4 39. e4 Ba2 40. Nd3 dxe4 41. fxe4 Kd6 42. Ke3 Bb1 43. h4 g5 44. hxg5 hxg5 45. Nb2 Ba2 46. Na4 Be6 47. Kf3 Bb3 48. Nc5 Bc2 49. Kf2 Bd1 50. Kg3 Be2 51. Na4 Bd1 52. Nc3 Bb3 53. Kf3 Bc4 54. Ke3 Ke6 55. Ne2 Kd6 56. Ng1 Be6 57. Kf3 Bb3 58. Kf2 Be6 59. Kg3 Bc4 60. Nf3 Ke6 61. Kf2 Bd3 62. Ke3 Bc4 63. d5+ Kd6 64. Kd4 Be2 65. e5+ fxe5+ 66. Nxe5 Bd1 67. Ke4 Bc2+ 68. Kd4 Bd1 69. Nc4+ Kd7 70. Ne3 Bf3 71. Ke5 Ke7 72. Kf5 Kd6 73. Kxg5 Ke5 74. Kh4 Kf4 75. d6 Bc6 76. g5 Ke5 77. g6 Kf6 78. Kh5 Bd7 79. Kh6 Be6 80. g7 Kf7 81. Kh7 Ke8 82. Kh8 Bg8 83. Kxg8 1-0

[Event "Titled Tuesday intern op 19th Dec Early"]
[Site "Chess.com INT"]
[Date "2023.12.19"]
[Round "7"]
[White "Seo, Jung Min"]
[Black "Taboas Rodriguez, Daniel"]
[Result "1-0"]
[WhiteElo "2483"]
[BlackElo "2365"]
[PlyCount "49"]
[EventDate "2023.12.19"]
[EventType "swiss (blitz)"]
[EventRounds "11"]
[EventCountry "USA"]
[SourceTitle "CB52_2023"]
[SourceDate "2023.12.27"]
[SourceVersion "1"]
[SourceVersionDate "2023.12.27"]
[SourceQuality "1"]

1. d4 Nf6 2. c4 g6 3. Nc3 Bg7 4. e4 d6 5. Be2 0-0 6. h4 h5 7. Bg5 Nc6 8. Nf3 Bg4 9. d5 Bxf3 10. gxf3 Ne5 11. f4 Ned7 12. f5 c6 13. Qd2 cxd5 14. exd5 Rc8 15. fxg6 fxg6 16. 0-0-0 Ne5 17. b3 Qa5 18. Kb1 Nfg4 19. f4 Nxc4 20. Bxc4 Bxc3 21. Qe2 Rf7 22. Bd3 Rg7 23. Qe6+ Kh7 24. Qxc8 Qa3 25. Qxc3 1-0

[Event "Titled Tuesday intern op 19th Dec Early"]
[Site "Chess.com INT"]
[Date "2023.12.19"]
[Round "3"]
[White "Taboas Rodriguez, Daniel"]
[Black "Kamsky, Gata"]
[Result "1/2-1/2"]
[WhiteElo "2365"]
[BlackElo "2634"]
[PlyCount "128"]
[EventDate "2023.12.19"]
[EventType "swiss (blitz)"]
[EventRounds "11"]
[EventCountry "USA"]
[SourceTitle "CB52_2023"]
[SourceDate "2023.12.27"]
[SourceVersion "1"]
[SourceVersionDate "2023.12.27"]
[SourceQuality "1"]

1. d4 f5 2. Bg5 g6 3. Nd2 Bg7 4. e4 fxe4 5. Nxe4 d5 6. Nc5 b6 7. Nb3 Nh6 8. Nf3 Nf7 9. Bf4 c5 10. c3 c4 11. Nbd2 Nc6 12. Be2 0-0 13. 0-0 b5 14. a3 a5 15. Re1 Bf5 16. h3 b4 17. axb4 axb4 18. Nf1 b3 19. Ne3 e6 20. Qd2 Qd7 21. Nxf5 exf5 22. Ng5 Nd6 23. Bxd6 Qxd6 24. Rxa8 Rxa8 25. Bf3 Bh6 26. h4 Rd8 27. Qe2 Bxg5 28. hxg5 Kf7 29. g3 Qe7 30. Qd2 Qd6 31. Kg2 Kg7 32. Qe3 Rd7 33. Qe8 Rd8 34. Qe3 Rd7 35. Qe8 Rd8 36. Qe6 Rd7 37. Qe3 Re7 38. Qd2 Rxe1 39. Qxe1 Qe7 40. Qd2 Qd6 41. Qe3 Ne7 42. Kf1 Kf7 43. Ke2 Nc8 44. Bg2 Nb6 45. f4 Qe7 46. Qxe7+ Kxe7 47. Kd2 Kd6 48. Bf3 Na4 49. Kc1 Nb6 50. Kd2 Nc8 51. Be2 Ke6 52. Bf3 Nd6 53. Ke3 Ne4 54. Bxe4 fxe4 55. g4 Kf7 56. Kf2 Kg7 57. Kg3 h6 58. Kf2 hxg5 59. fxg5 Kf7 60. Ke3 Ke6 61. Kf2 Kd6 62. Ke3 Ke6 63. Kd2 Kd6 64. Ke3 Ke6 1/2-1/2

[Event "Titled Tuesday intern op 24th Oct Late"]
[Site "Chess.com INT"]
[Date "2023.10.24"]
[Round "4"]
[White "Eljanov, Pavel"]
[Black "Taboas Rodriguez, Daniel"]
[Result "1-0"]
[WhiteElo "2695"]
[BlackElo "2368"]
[PlyCount "67"]
[EventDate "2023.10.24"]
[EventType "swiss (blitz)"]
[EventRounds "11"]
[EventCountry "USA"]
[SourceTitle "Mega2024 Update 01"]
[Source "Chessbase"]
[SourceDate "2023.11.12"]
[SourceVersion "1"]
[SourceVersionDate "2023.11.12"]
[SourceQuality "1"]

1. d4 Nf6 2. Bf4 d5 3. e3 c5 4. Nf3 Nc6 5. Nbd2 e6 6. c3 Bd6 7. Bg3 0-0 8. Bd3 Re8 9. Ne5 Qc7 10. Ndf3 Ne4 11. Qc2 f5 12. Nxc6 Nxg3 13. hxg3 bxc6 14. g4 Rf8 15. gxf5 exf5 16. g4 g6 17. dxc5 Bxc5 18. g5 f4 19. e4 Bg4 20. Qe2 Rae8 21. 0-0-0 Bf5 22. e5 Bg4 23. Rdg1 Bxf3 24. Qxf3 Qxe5 25. Rxh7 Kxh7 26. Qh5+ Kg8 27. Qxg6+ Qg7 28. Qxc6 Bxf2 29. Rh1 Re1+ 30. Rxe1 Bxe1 31. Qxd5+ Qf7 32. Qd4 Rc8 33. g6 Qxa2 34. Be4 1-0

[Event "Titled Tuesday intern op 26th Sep Early"]
[Site "Chess.com INT"]
[Date "2023.09.26"]
[Round "1"]
[White "Weisz, Bryan"]
[Black "Taboas Rodriguez, Daniel"]
[Result "1-0"]
[WhiteElo "1985"]
[BlackElo "2368"]
[PlyCount "87"]
[EventDate "2023.09.26"]
[EventType "swiss (blitz)"]
[EventRounds "11"]
[EventCountry "USA"]
[SourceTitle "EXT 2024"]
[Source "ChessBase"]
[SourceDate "2023.10.10"]
[SourceVersion "1"]
[SourceVersionDate "2023.10.10"]
[SourceQuality "1"]

1. Nc3 d5 2. e4 dxe4 3. Nxe4 Bf5 4. Qf3 Bg6 5. Nh3 Nc6 6. Bb5 e5 7. Nc5 Bxc5 8. Bxc6+ Kf8 9. Bxb7 e4 10. Qc3 Bd4 11. Qa3+ Ne7 12. Bxa8 Qxa8 13. 0-0 Bf5 14. Nf4 g5 15. Ne2 Bf6 16. Ng3 Bg6 17. d3 exd3 18. cxd3 Kg7 19. Ne4 Bxe4 20. dxe4 Qxe4 21. Be3 Nf5 22. Qxa7 Bxb2 23. Rab1 Be5 24. g3 Nh4 25. f3 Nxf3+ 26. Kf2 g4 27. Qc5 Ra8 28. a3 Qd3 29. Qc1 Rxa3 30. Bh6+ Kg6 31. Kg2 Ra2+ 32. Rf2 Rxf2+ 33. Kxf2 Bd4+ 34. Be3 Bxe3+ 35. Qxe3 Qxb1 36. Qc5 Qb2+ 37. Ke3 Qd2+ 38. Ke4 Qe2+ 39. Kf4 Qd2+ 40. Kxg4 Nxh2+ 41. Kh3 Nf3 42. Qc6+ Kg5 43. Qxf3 Qd7+ 44. Kg2 1-0

[Event "Titled Tuesday intern op 19th Sep Late"]
[Site "Chess.com INT"]
[Date "2023.09.19"]
[Round "2"]
[White "Ardila, Oscar Humberto"]
[Black "Taboas Rodriguez, Daniel"]
[Result "0-1"]
[WhiteElo "1979"]
[BlackElo "2368"]
[PlyCount "148"]
[EventDate "2023.09.19"]
[EventType "swiss (blitz)"]
[EventRounds "11"]
[EventCountry "USA"]
[SourceTitle "EXT 2024"]
[Source "ChessBase"]
[SourceDate "2023.10.10"]
[SourceVersion "1"]
[SourceVersionDate "2023.10.10"]
[SourceQuality "1"]

1. d4 Nf6 2. c4 g6 3. Nc3 Bg7 4. Nf3 0-0 5. e3 d6 6. Be2 Nbd7 7. 0-0 e5 8. dxe5 dxe5 9. Qc2 Re8 10. Rd1 c6 11. e4 Qe7 12. Bg5 h6 13. Be3 Ng4 14. Bd2 Nc5 15. h3 Nf6 16. Be3 Nh5 17. b4 Ne6 18. c5 Nhf4 19. Bf1 a5 20. a3 axb4 21. axb4 Rxa1 22. Rxa1 Nd4 23. Qd1 Rd8 24. Bxf4 exf4 25. Nxd4 Bxd4 26. Qf3 Bxc3 27. Qxc3 Qxe4 28. Re1 Qf5 29. Re5 Qb1 30. Re1 Qf5 31. Re5 Qd7 32. Kh2 Re8 33. Bc4 g5 34. Qe1 Kf8 35. Qe4 Rxe5 36. Qxe5 Kg8 37. Qf6 Qf5 38. Qxh6 Be6 39. Bxe6 fxe6 40. Qh5 Kg7 41. Qe8 Qf7 42. Qd8 Kg6 43. Qd3+ Kf6 44. Qd4+ e5 45. Qd6+ Kf5 46. Qd3+ e4 47. Qd4 Qe6 48. Qg7 e3 49. fxe3 fxe3 50. Qh7+ Kf4 51. Qh5 Ke4 52. Qf3+ Kd4 53. Qd1+ Kc3 54. Qe1+ Kc2 55. Kg1 e2 56. Kf2 Kd3 57. Qb1+ Kc3 58. Qe1+ Kd3 59. Qb1+ Kc3 60. Qe1+ Kc4 61. Qxe2+ Qxe2+ 62. Kxe2 Kxb4 63. g3 Kxc5 64. h4 gxh4 65. gxh4 Kd4 66. h5 Ke5 67. Kd3 Kf6 68. Kc4 Kg5 69. Kc5 Kxh5 70. Kb6 Kg4 71. Kc5 Kf4 72. Kb6 Ke4 73. Kxb7 c5 74. Kc6 c4 0-1

[Event "Titled Tuesday intern op 12th Sep Early"]
[Site "Chess.com INT"]
[Date "2023.09.12"]
[Round "3"]
[White "Bochnicka, Vladimir1111"]
[Black "Taboas Rodriguez, Daniel"]
[Result "0-1"]
[WhiteElo "2350"]
[BlackElo "2368"]
[PlyCount "42"]
[EventDate "2023.09.12"]
[EventType "swiss (blitz)"]
[EventRounds "11"]
[EventCountry "USA"]
[SourceTitle "EXT 2024"]
[Source "ChessBase"]
[SourceDate "2023.10.10"]
[SourceVersion "1"]
[SourceVersionDate "2023.10.10"]
[SourceQuality "1"]

1. e4 e5 2. Nf3 Nc6 3. Bc4 Bc5 4. c3 Nf6 5. d3 d6 6. Nbd2 a6 7. Bb3 0-0 8. Nf1 Ng4 9. Ne3 Nxe3 10. Bxe3 Bxe3 11. fxe3 Kh8 12. 0-0 f5 13. exf5 Bxf5 14. Qe1 Rf6 15. e4 Bg4 16. Ng5 Rxf1+ 17. Qxf1 Qxg5 18. Qf2 Qe7 19. d4 exd4 20. cxd4 Qxe4 21. Rf1 Qxd4 0-1